[Event "86th YMCA Winter-A"]
[Site "Warszawa"]
[Date "2011.03.15"]
[Round "8"]
[White "Jozwik, Jacek"]
[Black "Szymczak, Rafal"]
[Result "0-1"]
[WhiteElo "2050"]
[BlackElo "2089"]
[Annotator "M"]
[PlyCount "64"]
[EventDate "2011.01.06"]
[EventType "tourn"]
[EventRounds "1"]
[EventCountry "POL"]
[SourceDate "2011.01.06"]

1. d4 Nf6 2. Nf3 e6 3. g3 d5 4. Bg2 c5 5. O-O Nc6 6. c4 Be7 7. dxc5 Bxc5 8. Bg5
dxc4 9. Qa4 O-O 10. Qxc4 Qd5 11. Qh4 Ne4 12. Nbd2 Nxd2 13. Bxd2 Qd8 14. Qh5 f5
15. Rac1 Bb6 16. Bc3 Qe7 17. Rfd1 Bd7 18. Ne5 Nxe5 19. Bxe5 Be8 20. Qh3 Rd8 21.
Rxd8 Bxd8 22. g4 fxg4 23. Qxg4 Bb6 24. e3 Bg6 25. Rd1 Qf7 26. Qf4 Qe7 27. Qa4
Qg5 28. Bf4 Qg4 29. Rd7 Be8 30. Qd1 Qg6 31. Rd6 Bc6 32. Rxc6 bxc6 $138 0-1

[Event "86th YMCA Winter-A"]
[Site "Warszawa"]
[Date "2011.02.24"]
[Round "8"]
[White "Gasik, Piotr"]
[Black "Olejarczyk, Bogdan"]
[Result "1-0"]
[WhiteElo "2106"]
[BlackElo "2104"]
[PlyCount "89"]
[EventDate "2011.01.06"]
[EventType "tourn"]
[EventRounds "1"]
[EventCountry "POL"]
[SourceDate "2011.01.06"]

1. c4 e6 2. d4 d5 3. cxd5 exd5 4. Nc3 c6 5. Nf3 Bf5 6. g3 Be7 7. Bg2 Nd7 8. O-O
h6 9. a3 a5 10. Ne5 Ngf6 11. f3 O-O 12. e4 dxe4 13. fxe4 Be6 14. Nxd7 Qxd7 15.
d5 Bg4 16. Qb3 cxd5 17. exd5 Bc5+ 18. Kh1 Bh5 19. Bxh6 Rfe8 20. Na4 Ba7 21. Bf4
Re2 22. Nc3 a4 23. Qxa4 Qxa4 24. Nxa4 Bd4 25. b3 Bxa1 26. Rxa1 Rc8 27. d6 Rcc2
28. Bxb7 Ne4 29. Bxe4 Rxe4 30. d7 Rd4 31. Nb6 Bf3+ 32. Kg1 Rg2+ 33. Kf1 Rxh2
34. Be3 Rh1+ 35. Kf2 Rd3 36. Rxh1 Bxh1 37. Ke2 Be4 38. Bc5 Bf5 39. g4 Rxd7 40.
gxf5 Rc7 41. b4 f6 42. a4 Kf7 43. a5 Ke8 44. a6 Kd8 45. Nd5 1-0

[Event "86th YMCA Winter-A"]
[Site "Warszawa"]
[Date "2011.02.23"]
[Round "8"]
[White "Kasperkiewicz, Pawel"]
[Black "Kaczorowski, Piotr"]
[Result "1-0"]
[WhiteElo "2128"]
[BlackElo "2117"]
[PlyCount "73"]
[EventDate "2011.01.06"]
[EventType "tourn"]
[EventRounds "1"]
[EventCountry "POL"]
[SourceDate "2011.01.06"]

1. e4 e6 2. d4 d5 3. Nc3 dxe4 4. Nxe4 Qd5 5. Qd3 Nc6 6. Nf3 Nf6 7. Nxf6+ gxf6
8. c4 Bb4+ 9. Bd2 Bxd2+ 10. Qxd2 Qe4+ 11. Be2 Bd7 12. O-O Rg8 13. Rfe1 O-O-O
14. Qc3 e5 15. d5 Nd4 16. Bd1 Qg6 17. g3 Nxf3+ 18. Bxf3 h5 19. c5 Bg4 20. c6
Bxf3 21. Qxf3 Qg4 22. Qxf6 Rxd5 23. cxb7+ Kb8 24. Rxe5 Rxe5 25. Qxe5 Rd8 26.
Rc1 Rd7 27. Kg2 h4 28. Qh8+ Kxb7 29. Qxh4 Qe6 30. Qc4 Qd6 31. Qe4+ c6 32. Rc3
Re7 33. Rb3+ Kc8 34. Qf5+ Rd7 35. h4 Kd8 36. Rf3 Kc8 37. h5 1-0

[Event "86th YMCA Winter-A"]
[Site "Warszawa"]
[Date "2011.02.24"]
[Round "8"]
[White "Zurkowski, Andrzej"]
[Black "Nowicki, Bartosz"]
[Result "1-0"]
[WhiteElo "2138"]
[BlackElo "2119"]
[PlyCount "79"]
[EventDate "2011.01.06"]
[EventType "tourn"]
[EventRounds "1"]
[EventCountry "POL"]
[SourceDate "2011.01.06"]

1. b3 f5 2. Bb2 e6 3. Nf3 Nf6 4. e3 d5 5. d4 Bd6 6. Bd3 O-O 7. Ne5 b6 8. Qe2
Bb7 9. Nd2 Nbd7 10. O-O c5 11. c4 Rc8 12. cxd5 Nxd5 13. f4 cxd4 14. exd4 Nxe5
15. fxe5 Be7 16. Nc4 Ba8 17. Rae1 Bb4 18. Rc1 Qg5 19. Rc2 Nf4 20. Qe3 Qxg2+ 21.
Rxg2 Nxg2 22. Qg3 g6 23. a3 Be7 24. Nd6 Bh4 25. Qxg2 Bxg2 26. Kxg2 Rc7 27. Bc4
Re7 28. Rc1 g5 29. d5 g4 30. dxe6 f4 31. Bd3 f3+ 32. Kf1 Bg5 33. Rc6 Rd8 34.
Bd4 Kf8 35. Nf5 Bf4 36. Nxe7 Kxe7 37. Rd6 Rf8 38. Bc4 a6 39. Rd7+ Ke8 40. Rxh7
1-0

[Event "86th YMCA Winter-A"]
[Site "Warszawa"]
[Date "2011.03.11"]
[Round "8"]
[White "Alvarado, Carlos"]
[Black "Krasiewicz, Robert"]
[Result "1-0"]
[WhiteElo "2190"]
[BlackElo "2057"]
[PlyCount "89"]
[EventDate "2011.01.06"]
[EventType "tourn"]
[EventRounds "1"]
[EventCountry "POL"]
[SourceDate "2011.01.06"]

1. d4 f5 2. Nf3 Nf6 3. g3 g6 4. Bg2 Bg7 5. O-O O-O 6. b3 d6 7. Bb2 c6 8. Nbd2
Na6 9. c4 Rb8 10. Qc2 Nb4 11. Qc3 a5 12. a3 Na6 13. Qc2 b5 14. Ne1 Qb6 15. Nd3
Bd7 16. c5 Qc7 17. cxd6 exd6 18. Rfc1 Rbc8 19. b4 Rfe8 20. e3 a4 21. Qd1 Qd8
22. Rc2 Qe7 23. Rac1 Ne4 24. Nf1 Nb8 25. h4 Be6 26. f3 Nf6 27. Re2 Nbd7 28. Nd2
Nb6 29. Nf4 Bc4 30. Re1 Nfd5 31. Nxd5 cxd5 32. Kf2 Bh6 33. Rc3 Bb3 34. Nxb3
Rxc3 35. Bxc3 Bxe3+ 36. Kf1 axb3 37. f4 Qf7 38. Qxb3 h6 39. Qd1 Qc7 40. Qd3 Qc4
41. Qxc4 dxc4 42. Bd2 Bxd2 43. Rxe8+ Kf7 44. Rb8 c3 45. Ke2 1-0

[Event "86th YMCA Winter-A"]
[Site "Warszawa"]
[Date "2011.03.09"]
[Round "9"]
[White "Kielar, Maciej"]
[Black "Alvarado, Carlos"]
[Result "1/2-1/2"]
[WhiteElo "2101"]
[BlackElo "2190"]
[Annotator "M"]
[PlyCount "97"]
[EventDate "2011.01.06"]
[EventType "tourn"]
[EventRounds "1"]
[EventCountry "POL"]
[SourceDate "2011.01.06"]

1. Nf3 d5 2. c4 e6 3. Nc3 Nf6 4. e3 Be7 5. b3 O-O 6. Bb2 Nbd7 7. Rc1 c5 8. cxd5
exd5 9. d4 Qa5 10. Bd3 cxd4 11. Nxd4 Ne5 12. Bf5 Qa6 13. Qe2 Qxe2+ 14. Kxe2 g6
15. Bxc8 Raxc8 16. Rhd1 Nc6 17. Nf3 Rfd8 18. h3 Bb4 19. Na4 Ne4 20. a3 Be7 21.
b4 b5 22. Nc3 Bf6 23. Ba1 Bxc3 24. Bxc3 Na5 25. Be1 Nc4 26. Nd4 Nb2 27. Rxc8
Rxc8 28. Ra1 a6 29. f3 Nd6 30. Ra2 Ndc4 31. Nb3 Re8 32. Bf2 f5 33. f4 Nxe3 34.
Kf3 Nec4 35. Bd4 Nd3 36. Nc5 Nxc5 37. Bxc5 Kf7 38. g4 Re1 39. a4 bxa4 40. Rxa4
Nd2+ 41. Kf2 Re6 42. Bd4 Nc4 43. Kf3 Re4 44. Bc5 Re6 45. Ra2 h5 46. gxf5 gxf5
47. Rg2 Rg6 48. Re2 Re6 49. Rg2 $11 1/2-1/2

[Event "86th YMCA Winter-A"]
[Site "Warszawa"]
[Date "2011.03.03"]
[Round "9"]
[White "Nowicki, Bartosz"]
[Black "Grochulski, Grzegorz"]
[Result "1-0"]
[WhiteElo "2119"]
[BlackElo "2046"]
[PlyCount "141"]
[EventDate "2011.01.06"]
[EventType "tourn"]
[EventRounds "1"]
[EventCountry "POL"]
[SourceDate "2011.01.06"]

1. e4 c5 2. Nf3 Nf6 3. e5 Nd5 4. Nc3 e6 5. Nxd5 exd5 6. d4 Nc6 7. dxc5 Bxc5 8.
Bd3 d6 9. exd6 Qxd6 10. O-O Be6 11. a3 a5 12. Re1 h6 13. c3 g5 14. Qa4 O-O-O
15. b4 Bb6 16. Be3 Bxe3 17. Rxe3 axb4 18. axb4 Kc7 19. b5 Ra8 20. Qxa8 Rxa8 21.
Rxa8 d4 22. Rxe6 Qxe6 23. bxc6 dxc3 24. cxb7 Kxb7 25. Ra1 g4 26. Ne1 h5 27.
Rb1+ Kc7 28. Rc1 Qe5 29. g3 Qd4 30. Kf1 h4 31. gxh4 Kd6 32. h5 Qf4 33. Ra1 f6
34. Kg1 Qg5 35. Ra6+ Kd7 36. Ra7+ Kd6 37. Rh7 Qe5 38. Nc2 Qd5 39. Rh8 Ke7 40.
Nb4 Qb3 41. h6 Qd1+ 42. Bf1 Kf7 43. Rc8 Kg6 44. Rxc3 Kxh6 45. Nc2 Qd7 46. Ne3
Kg7 47. Rc4 Qa7 48. Rxg4+ Kh6 49. Nf5+ Kh5 50. Ne3 Qa1 51. Rf4 Kg5 52. Rf5+ Kg6
53. Rb5 Kg7 54. h4 Kh6 55. h5 Qa4 56. Be2 Qe4 57. Rf5 Qb1+ 58. Kg2 Qb7+ 59. Bf3
Qg7+ 60. Ng4+ Kh7 61. Rxf6 Qd7 62. Rb6 Qd4 63. Rb7+ Kh8 64. h6 Qf4 65. Rb6 Qc7
66. Re6 Qf7 67. Re5 Qg6 68. Kh3 Qf7 69. Be4 Qb3+ 70. f3 Qa4 71. Bg6 1-0

[Event "86th YMCA Winter-A"]
[Site "Warszawa"]
[Date "2011.03.02"]
[Round "9"]
[White "Kaczorowski, Piotr"]
[Black "Zurkowski, Andrzej"]
[Result "0-1"]
[WhiteElo "2117"]
[BlackElo "2138"]
[PlyCount "52"]
[EventDate "2011.01.06"]
[EventType "tourn"]
[EventRounds "1"]
[EventCountry "POL"]
[SourceDate "2011.01.06"]

1. Nf3 g6 2. g3 Bg7 3. d4 d5 4. Bg2 Nf6 5. O-O O-O 6. c4 c6 7. Qb3 Qb6 8. c5
Qd8 9. Nc3 Nfd7 10. Bf4 b6 11. e4 bxc5 12. exd5 cxd4 13. dxc6 Nxc6 14. Nb5 Ba6
15. Bc7 Qc8 16. Rac1 Bxb5 17. Qxb5 Qxc7 18. Rxc6 Qd8 19. Rfc1 Rb8 20. Qa4 Rxb2
21. Qxa7 Nb6 22. a4 d3 23. a5 Nd5 24. a6 d2 25. Rd1 Nb4 26. Rc4 Qd3 0-1

[Event "86th YMCA Winter-A"]
[Site "Warszawa"]
[Date "2011.03.03"]
[Round "9"]
[White "Olejarczyk, Bogdan"]
[Black "Kasperkiewicz, Pawel"]
[Result "1-0"]
[WhiteElo "2104"]
[BlackElo "2128"]
[PlyCount "99"]
[EventDate "2011.01.06"]
[EventType "tourn"]
[EventRounds "1"]
[EventCountry "POL"]
[SourceDate "2011.01.06"]

1. d4 Nf6 2. Nf3 g6 3. c4 Bg7 4. Nc3 O-O 5. Bg5 h6 6. Bh4 d6 7. e3 Nc6 8. Be2
e6 9. O-O Ne7 10. e4 b6 11. Qc2 Nh5 12. Bxe7 Qxe7 13. Rfe1 c6 14. e5 Bb7 15.
exd6 Qxd6 16. c5 Qc7 17. Ne4 Nf4 18. Nd6 Rfd8 19. Ne5 Rxd6 20. cxd6 Qxd6 21.
Qe4 Nxe2+ 22. Rxe2 Rd8 23. Rd1 Bxe5 24. Qxe5 Qxe5 25. Rxe5 c5 26. f4 cxd4 27.
Kf2 Kf8 28. g4 Ke7 29. h4 f6 30. Re2 Rd5 31. Rde1 Bc8 32. Rc2 Bd7 33. Rc7 Ra5
34. a3 e5 35. g5 hxg5 36. hxg5 Kd6 37. gxf6 exf4 38. Rc4 Rf5 39. Rxd4+ Kc7 40.
Rc1+ Bc6 41. Re1 Rxf6 42. Re7+ Kc8 43. Rxa7 g5 44. Rg7 Rf5 45. Rc4 Rf6 46. b4
Kb8 47. Rxg5 f3 48. b5 Bb7 49. Rg8+ Ka7 50. Ra4+ 1-0

[Event "86th YMCA Winter-A"]
[Site "Warszawa"]
[Date "2011.03.03"]
[Round "9"]
[White "Szymczak, Rafal"]
[Black "Gasik, Piotr"]
[Result "1/2-1/2"]
[WhiteElo "2089"]
[BlackElo "2106"]
[Annotator "M"]
[PlyCount "79"]
[EventDate "2011.01.06"]
[EventType "tourn"]
[EventRounds "1"]
[EventCountry "POL"]
[SourceDate "2011.01.06"]

1. f4 Nf6 2. Nf3 g6 3. g3 Bg7 4. Bg2 c5 5. O-O O-O 6. d3 d5 7. Nc3 Nc6 8. Ne5
Nxe5 9. fxe5 Ng4 10. Nxd5 e6 11. Nf6+ Nxf6 12. exf6 Bxf6 13. c3 Bg7 14. Be3 Qe7
15. Qa4 Rd8 16. Qc4 Bf8 17. h4 h6 18. d4 cxd4 19. cxd4 Bd7 20. Qc1 Bb5 21. Bxh6
Rxd4 22. Bxf8 Rxf8 23. Qe3 Rfd8 24. Bf3 b6 25. h5 Rd2 26. hxg6 fxg6 27. Bg4 Qc5
28. Bxe6+ Kh8 29. Qxc5 bxc5 30. Rf2 Rxe2 31. Rxe2 Bxe2 32. Rc1 Rd1+ 33. Rxd1
Bxd1 34. Kf2 Kg7 35. Ke3 $11 Kf6 36. Bd7 Bc2 37. Bc6 Ke5 38. a3 g5 39. Bf3 Bf5
40. Bb7 1/2-1/2

[Event "86th YMCA Winter-A"]
[Site "Warszawa"]
[Date "2011.03.01"]
[Round "9"]
[White "Choroszej, Aleksander"]
[Black "Jozwik, Jacek"]
[Result "1-0"]
[WhiteElo "2074"]
[BlackElo "2050"]
[PlyCount "125"]
[EventDate "2011.01.06"]
[EventType "tourn"]
[EventRounds "1"]
[EventCountry "POL"]
[SourceDate "2011.01.06"]

1. d4 Nf6 2. c4 e6 3. Nf3 b6 4. a3 Ba6 5. e3 d5 6. Ne5 dxc4 7. Nxc4 c5 8. Nc3
cxd4 9. exd4 Be7 10. Be2 O-O 11. O-O Nc6 12. Be3 Rc8 13. Qa4 Bb7 14. Rad1 a6
15. Ne5 b5 16. Nxc6 Rxc6 17. Qb3 Rc7 18. Bf4 Rd7 19. Be5 Qa8 20. f3 Nd5 21.
Nxd5 Bxd5 22. Qe3 f6 23. Bg3 Bd6 24. Bxd6 Rxd6 25. Rc1 Rc8 26. Rc5 Rxc5 27.
dxc5 Rd8 28. b4 Kf7 29. Rc1 Qc6 30. Bd3 h6 31. Kf2 Qc7 32. g3 Bc6 33. Bc2 Rd5
34. Bb3 Re5 35. Qd3 Bd5 36. Rd1 Qd7 37. f4 Rh5 38. h4 Qc6 39. Bxd5 Rxd5 40. Qf3
a5 41. Rxd5 exd5 42. f5 a4 43. Qf4 Qd7 44. g4 Qe7 45. c6 Qa7+ 46. Qe3 Qc7 47.
Qe6+ Kf8 48. Kf3 Qh2 49. Qc8+ Kf7 50. Qd7+ Kg8 51. Qxd5+ Kh7 52. Qxb5 Qh3+ 53.
Kf4 Qh2+ 54. Ke3 Qg3+ 55. Kd4 Qf4+ 56. Kc5 Qe3+ 57. Kd6 Qf4+ 58. Kd7 Qd4+ 59.
Kc8 Qxg4 60. c7 Qxh4 61. Kb7 Qe4+ 62. Qc6 Qxf5 63. c8=Q 1-0

[Event "86th YMCA Winter-A"]
[Site "Warszawa"]
[Date "2011.03.08"]
[Round "10"]
[White "Gasik, Piotr"]
[Black "Choroszej, Aleksander"]
[Result "1-0"]
[WhiteElo "2106"]
[BlackElo "2074"]
[PlyCount "69"]
[EventDate "2011.01.06"]
[EventType "tourn"]
[EventRounds "1"]
[EventCountry "POL"]
[SourceDate "2011.01.06"]

1. c4 g6 2. Nf3 Bg7 3. Nc3 d6 4. d4 Nc6 5. d5 Na5 6. e4 Bd7 7. Be2 c6 8. O-O
cxd5 9. cxd5 Rc8 10. Be3 a6 11. Bd4 Nf6 12. Nd2 b5 13. b4 Nc4 14. Nxc4 bxc4 15.
Qd2 O-O 16. a4 e6 17. b5 axb5 18. axb5 exd5 19. exd5 Re8 20. f3 h5 21. Ra4 Bf5
22. Bxc4 Nd7 23. Bxg7 Kxg7 24. Qd4+ Kg8 25. g4 hxg4 26. fxg4 Qg5 27. h3 Nc5 28.
Ra7 Ne4 29. b6 Bxg4 30. h4 Rxc4 31. Nxe4 Rxe4 32. Qxe4 Rxe4 33. hxg5 Rb4 34. b7
Kg7 35. Rxf7+ 1-0

[Event "86th YMCA Winter-A"]
[Site "Warszawa"]
[Date "2011.03.10"]
[Round "10"]
[White "Kasperkiewicz, Pawel"]
[Black "Szymczak, Rafal"]
[Result "1/2-1/2"]
[WhiteElo "2128"]
[BlackElo "2089"]
[PlyCount "95"]
[EventDate "2011.01.06"]
[EventType "tourn"]
[EventRounds "1"]
[EventCountry "POL"]
[SourceDate "2011.01.06"]

1. e4 c6 2. d4 d5 3. e5 c5 4. dxc5 Nc6 5. Bb5 e6 6. Be3 Qc7 7. Nf3 Nge7 8. c3
Bd7 9. Bd4 h6 10. b4 g5 11. O-O Bg7 12. Re1 a5 13. a3 O-O 14. Bxc6 Nxc6 15. Qe2
axb4 16. Nbd2 bxa3 17. h4 g4 18. Nh2 h5 19. f3 Nxd4 20. cxd4 f5 21. Qd3 Qa5 22.
Reb1 Ra7 23. Rb3 a2 24. Rb2 Rfa8 25. Nhf1 Bh6 26. Ng3 Be8 27. Ne2 Qd8 28. g3 f4
29. fxg4 hxg4 30. Nxf4 Bxf4 31. gxf4 Qxh4 32. Nf1 Ra3 33. Rb3 Rxb3 34. Qxb3 Bg6
35. Rxa2 Rxa2 36. Qxa2 g3 37. Qa8+ Kg7 38. Qxb7+ Kh6 39. Qc8 Qxf4 40. Qh8+ Kg5
41. Qf6+ Qxf6 42. exf6 Kxf6 43. Nxg3 e5 44. dxe5+ Kxe5 45. Kf2 d4 46. c6 Kd6
47. Ne2 Kxc6 48. Nxd4+ 1/2-1/2

[Event "86th YMCA Winter-A"]
[Site "Warszawa"]
[Date "2011.03.10"]
[Round "10"]
[White "Zurkowski, Andrzej"]
[Black "Olejarczyk, Bogdan"]
[Result "0-1"]
[WhiteElo "2138"]
[BlackElo "2104"]
[PlyCount "60"]
[EventDate "2011.01.06"]
[EventType "tourn"]
[EventRounds "1"]
[EventCountry "POL"]
[SourceDate "2011.01.06"]

1. b3 d5 2. Bb2 Bf5 3. e3 e6 4. f4 Nf6 5. Nf3 h6 6. Be2 Be7 7. O-O O-O 8. Ne5
Nbd7 9. Bf3 a5 10. a4 c6 11. Kh1 Nxe5 12. fxe5 Nd7 13. d4 f6 14. Bg4 fxe5 15.
Bxf5 Rxf5 16. Rxf5 exf5 17. dxe5 Qc7 18. Qf3 Rf8 19. Qg3 Bg5 20. h4 Bf6 21. Nd2
Bxe5 22. Bxe5 Qxe5 23. Qxe5 Nxe5 24. Rf1 g6 25. g3 Ng4 26. Rf3 Re8 27. Nf1 h5
28. c3 Re4 29. Kg2 Kf7 30. Nd2 Nxe3+ 0-1

[Event "86th YMCA Winter-A"]
[Site "Warszawa"]
[Date "2011.03.19"]
[Round "10"]
[White "Alvarado, Carlos"]
[Black "Nowicki, Bartosz"]
[Result "1-0"]
[WhiteElo "2190"]
[BlackElo "2119"]
[PlyCount "75"]
[EventDate "2011.01.06"]
[EventType "tourn"]
[EventRounds "1"]
[EventCountry "POL"]
[SourceDate "2011.01.06"]

1. d4 f5 2. Nf3 Nf6 3. g3 e6 4. Bg2 d5 5. O-O Bd6 6. c4 c6 7. Nc3 O-O 8. Qc2
Qe7 9. Bg5 Bd7 10. c5 Bc7 11. b4 Be8 12. Rab1 a6 13. a4 Nbd7 14. b5 axb5 15.
axb5 Bg6 16. Nh4 e5 17. bxc6 bxc6 18. Nxd5 cxd5 19. Bxd5+ Kh8 20. Bxa8 Rxa8 21.
Rb7 Rc8 22. c6 Nf8 23. d5 Qd6 24. Rd1 Ne4 25. Be3 Qf6 26. Bb6 Bxb6 27. Rxb6 Be8
28. Nf3 g5 29. Qb2 Ng6 30. d6 Nxd6 31. c7 Nc4 32. Rxf6 Nxb2 33. Rd8 Rxc7 34.
Rxe8+ Kg7 35. Rxf5 Rc2 36. Nxe5 Rxe2 37. Rf7+ Kh6 38. Ng4+ 1-0

[Event "86th YMCA Winter-A"]
[Site "Warszawa"]
[Date "2011.03.10"]
[Round "10"]
[White "Krasiewicz, Robert"]
[Black "Kielar, Maciej"]
[Result "0-1"]
[WhiteElo "2057"]
[BlackElo "2101"]
[PlyCount "142"]
[EventDate "2011.01.06"]
[EventType "tourn"]
[EventRounds "1"]
[EventCountry "POL"]
[SourceDate "2011.01.06"]

1. d4 c5 2. d5 Nf6 3. g3 b5 4. Bg2 d6 5. e4 Nbd7 6. f4 Qb6 7. Be3 g6 8. Nd2 Bg7
9. Rb1 a5 10. Ngf3 Ba6 11. h3 b4 12. Bf1 O-O 13. Bxa6 Qxa6 14. Qe2 c4 15. Bd4
Rfc8 16. c3 Nh5 17. Kf2 Nc5 18. Kg2 Nd3 19. Qe3 Bh6 20. Ng5 Rab8 21. Rhf1 Qb5
22. h4 Bg7 23. f5 Nf6 24. fxg6 hxg6 25. Qf3 Ne5 26. Bxe5 dxe5 27. h5 gxh5 28.
Qf5 Qd7 29. Qxd7 Nxd7 30. Nxf7 bxc3 31. bxc3 Rxb1 32. Nxb1 Rb8 33. Na3 Rb2+ 34.
Kh3 Nb6 35. Nd8 Rxa2 36. Nb5 Rb2 37. Nc7 a4 38. Nc6 Nc8 39. Ra1 Bf6 40. Rxa4
Nd6 41. Ra8+ Kh7 42. Ne8 Nxe4 43. Nxf6+ exf6 44. Ra7+ Kg6 45. g4 Rc2 46. gxh5+
Kxh5 47. Ne7 Rxc3+ 48. Kg2 Rd3 49. Ra4 Rd4 50. Nf5 Rxd5 51. Rxc4 Nd6 52. Ng3+
Kg5 53. Rc6 f5 54. Ra6 e4 55. Rb6 Kf4 56. Ne2+ Ke5 57. Kg3 Rd3+ 58. Kf2 f4 59.
Rb2 Kf5 60. Rb8 Ke5 61. Rb2 Rd5 62. Ra2 Nf5 63. Ra8 Ne7 64. Re8 Rd7 65. Nc3 Rc7
66. Ne2 f3 67. Ng3 Rc2+ 68. Ke3 Rc3+ 69. Kf2 Kf4 70. Nxe4 Rc2+ 71. Ke1 Re2+ 0-1

[Event "86th YMCA Winter-A"]
[Site "Warszawa"]
[Date "2011.03.17"]
[Round "11"]
[White "Kielar, Maciej"]
[Black "Michniewski, Tomasz"]
[Result "1-0"]
[WhiteElo "2101"]
[BlackElo "2166"]
[PlyCount "65"]
[EventDate "2011.01.06"]
[EventType "tourn"]
[EventRounds "1"]
[EventCountry "POL"]
[SourceDate "2011.01.06"]

1. e4 e6 2. d4 c5 3. Nf3 cxd4 4. Nxd4 Nf6 5. Nc3 d6 6. g4 h6 7. h4 Nc6 8. Rg1
h5 9. g5 Ng4 10. Be2 g6 11. Nxc6 bxc6 12. Bxg4 hxg4 13. Qxg4 e5 14. Qg3 Qd7 15.
Rh1 Rb8 16. f3 Qe6 17. Nd1 d5 18. Nf2 Ba6 19. Qg4 Qd6 20. exd5 cxd5 21. Qa4+
Rb5 22. Ng4 Bg7 23. c3 O-O 24. h5 gxh5 25. Rxh5 e4 26. f4 Rb6 27. Qc2 Qc5 28.
Be3 Qb5 29. O-O-O Qe2 30. Rg1 Qxc2+ 31. Kxc2 Bd3+ 32. Kc1 d4 33. Nf6+ 1-0

[Event "86th YMCA Winter-A"]
[Site "Warszawa"]
[Date "2011.03.17"]
[Round "11"]
[White "Nowicki, Bartosz"]
[Black "Krasiewicz, Robert"]
[Result "1/2-1/2"]
[WhiteElo "2119"]
[BlackElo "2057"]
[PlyCount "109"]
[EventDate "2011.01.06"]
[EventType "tourn"]
[EventRounds "1"]
[EventCountry "POL"]
[SourceDate "2011.01.06"]

1. e4 e6 2. d4 d5 3. Nd2 c5 4. exd5 Qxd5 5. Ngf3 cxd4 6. Bc4 Qd6 7. O-O Nf6 8.
Nb3 Nc6 9. Nbxd4 Nxd4 10. Nxd4 a6 11. Re1 Qc7 12. Bb3 Bd7 13. Qf3 Bd6 14. h3
O-O-O 15. c4 e5 16. Nc2 e4 17. Qe2 Bh2+ 18. Kf1 Bf4 19. Bxf4 Qxf4 20. Kg1 g5
21. Ne3 h5 22. Rad1 g4 23. g3 Qe5 24. h4 Bc6 25. Rxd8+ Rxd8 26. Rd1 Rxd1+ 27.
Bxd1 Nd7 28. b4 f5 29. a4 b6 30. c5 bxc5 31. Qxa6+ Bb7 32. Qc4 f4 33. gxf4 Qxf4
34. bxc5 Qf6 35. Qg8+ Kc7 36. Qg5 Qxg5 37. hxg5 Nxc5 38. g6 Ne6 39. Nf5 Bd5 40.
g7 Nf4 41. Ne7 Bf7 42. g8=Q Bxg8 43. Nxg8 Nd5 44. Bb3 e3 45. fxe3 Nxe3 46. Nf6
Kd6 47. Kf2 Nf5 48. Nxh5 Kc5 49. Bc2 Nd4 50. Bd1 Kb4 51. Nf4 Ka5 52. Ke3 Nf5+
53. Ke4 Nd6+ 54. Kd5 Nc8 55. Bxg4 1/2-1/2

[Event "86th YMCA Winter-A"]
[Site "Warszawa"]
[Date "2011.03.16"]
[Round "11"]
[White "Kaczorowski, Piotr"]
[Black "Alvarado, Carlos"]
[Result "1-0"]
[WhiteElo "2117"]
[BlackElo "2190"]
[PlyCount "75"]
[EventDate "2011.01.06"]
[EventType "tourn"]
[EventRounds "1"]
[EventCountry "POL"]
[SourceDate "2011.01.06"]

1. d4 d5 2. c4 e6 3. Nf3 Nf6 4. Bg5 Be7 5. e3 h6 6. Bh4 O-O 7. Nc3 Ne4 8. Bxe7
Qxe7 9. Bd3 Nxc3 10. bxc3 c5 11. O-O Nc6 12. Qe2 b6 13. e4 dxc4 14. Bxc4 Na5
15. Bd3 Bb7 16. Rac1 Rfd8 17. Rfd1 Rac8 18. Ba6 Rc7 19. Bxb7 Nxb7 20. Qe3 c4
21. e5 Qa3 22. Nd2 b5 23. Rb1 Rd5 24. Ne4 Rcd7 25. Rf1 a5 26. f4 b4 27. f5 exf5
28. Nf6+ Kf8 29. Nxd5 Rxd5 30. Qf3 Rd7 31. Qxf5 Rc7 32. d5 Nd8 33. d6 Ra7 34.
Qh7 Ke8 35. Qg8+ Kd7 36. Rxf7+ Kc6 37. Qe8+ Kd5 38. Qb5+ 1-0

[Event "86th YMCA Winter-A"]
[Site "Warszawa"]
[Date "2011.03.17"]
[Round "11"]
[White "Olejarczyk, Bogdan"]
[Black "Grochulski, Grzegorz"]
[Result "1-0"]
[WhiteElo "2104"]
[BlackElo "2046"]
[PlyCount "41"]
[EventDate "2011.01.06"]
[EventType "tourn"]
[EventRounds "1"]
[EventCountry "POL"]
[SourceDate "2011.01.06"]

1. d4 Nf6 2. Nf3 g6 3. Bf4 Bg7 4. e3 O-O 5. h3 d6 6. Be2 Nbd7 7. Nbd2 Re8 8.
O-O e5 9. dxe5 dxe5 10. Bh2 a5 11. Nc4 e4 12. Nfe5 b5 13. Nc6 bxc4 14. Nxd8
Rxd8 15. Bxc7 Re8 16. Bxc4 Bb7 17. c3 Rac8 18. Qd6 Re5 19. Bb3 Bf8 20. Qxe5
Nxe5 21. Bxe5 1-0

[Event "86th YMCA Winter-A"]
[Site "Warszawa"]
[Date "2011.03.17"]
[Round "11"]
[White "Szymczak, Rafal"]
[Black "Zurkowski, Andrzej"]
[Result "1-0"]
[WhiteElo "2089"]
[BlackElo "2138"]
[PlyCount "63"]
[EventDate "2011.01.06"]
[EventType "tourn"]
[EventRounds "1"]
[EventCountry "POL"]
[SourceDate "2011.01.06"]

1. f4 g5 2. fxg5 e5 3. e4 Nc6 4. Nf3 Bg7 5. Nc3 a6 6. a4 d6 7. Bc4 Be6 8. Bxe6
fxe6 9. d3 Qe7 10. Qe2 O-O-O 11. O-O Nd4 12. Nxd4 exd4 13. Nd1 h6 14. g6 Nf6
15. e5 dxe5 16. Qxe5 Rd5 17. Qe2 Rg8 18. c4 dxc3 19. Nxc3 Rdd8 20. Bf4 Nd7 21.
Rac1 c6 22. Ne4 Nb6 23. Be3 Nd5 24. Bc5 Qh4 25. g3 Qh3 26. Rf7 e5 27. Nd6+ Rxd6
28. Bxd6 Qe6 29. Bc5 Qxg6 30. Rcf1 Nf4 31. R1xf4 exf4 32. Qe7 1-0

[Event "86th YMCA Winter-A"]
[Site "Warszawa"]
[Date "2011.03.15"]
[Round "11"]
[White "Choroszej, Aleksander"]
[Black "Kasperkiewicz, Pawel"]
[Result "1/2-1/2"]
[WhiteElo "2074"]
[BlackElo "2128"]
[Annotator "M"]
[PlyCount "71"]
[EventDate "2011.01.06"]
[EventType "tourn"]
[EventRounds "1"]
[EventCountry "POL"]
[SourceDate "2011.01.06"]

1. d4 Nf6 2. c4 e6 3. Nc3 Bb4 4. Qc2 d5 5. e3 O-O 6. Nf3 c5 7. dxc5 Nc6 8. Be2
dxc4 9. O-O Bxc5 10. Bxc4 a6 11. a3 Bd6 12. b4 b5 13. Ba2 Bb7 14. Bb2 Ne5 15.
Nxe5 Bxe5 16. f4 Bc7 17. Rad1 Qe7 18. Bb1 Rfd8 19. Nxb5 axb5 20. Bxf6 Qxf6 21.
Qxc7 Bd5 22. e4 Rac8 23. Qb6 Bb3 24. e5 Qh4 25. Rxd8+ Qxd8 26. Qe3 Bc2 27. Bxc2
Rxc2 28. Rc1 Rxc1+ 29. Qxc1 Qd4+ 30. Kf1 h6 31. g3 g6 32. Kg2 Kg7 33. Kf3 Qd3+
34. Kf2 Qd5 35. Qe3 Qh1 36. Qd3 $11 1/2-1/2

[Event "86th YMCA Winter-A"]
[Site "Warszawa"]
[Date "2011.03.17"]
[Round "11"]
[White "Jozwik, Jacek"]
[Black "Gasik, Piotr"]
[Result "1/2-1/2"]
[WhiteElo "2050"]
[BlackElo "2106"]
[PlyCount "153"]
[EventDate "2011.01.06"]
[EventType "tourn"]
[EventRounds "1"]
[EventCountry "POL"]
[SourceDate "2011.01.06"]

1. Nf3 c5 2. c4 g6 3. Nc3 Bg7 4. g3 Nc6 5. Bg2 e5 6. O-O Nge7 7. d3 O-O 8. Ng5
d6 9. f4 f5 10. a3 h6 11. Nh3 Be6 12. Nd5 Rb8 13. Rb1 Bf7 14. b4 cxb4 15. axb4
b5 16. Nxe7+ Nxe7 17. Be3 bxc4 18. Bxa7 Rb5 19. fxe5 dxe5 20. Bc5 cxd3 21. Qxd3
Qxd3 22. exd3 Bf6 23. Rfe1 Rd8 24. d4 e4 25. Bf1 Rbb8 26. Nf4 Bxd4+ 27. Bxd4
Rxd4 28. b5 Nd5 29. Rec1 Ne3 30. Be2 g5 31. Nh5 Rd2 32. b6 Rxe2 33. b7 Rc2 34.
Rxc2 Nxc2 35. Nf6+ Kg7 36. Nd7 Rd8 37. Rc1 Bb3 38. b8=Q Rxb8 39. Nxb8 e3 40.
Nd7 e2 41. Kf2 e1=Q+ 42. Rxe1 Nxe1 43. Kxe1 Ba4 44. Nc5 Bb5 45. Kf2 Kf6 46. Ke3
Ke5 47. Nb3 Bc4 48. Nd2 f4+ 49. gxf4+ gxf4+ 50. Kf2 Bd5 51. Nf1 Kf5 52. Nd2 Kg4
53. Nb1 h5 54. Nc3 Bc6 55. Ne2 Be4 56. Nd4 Bd3 57. Nf3 Bc2 58. Nd4 Bd1 59. Ne6
h4 60. Nd4 Kh3 61. Kg1 Bg4 62. Nc6 Bf3 63. Ne5 Be4 64. Nc4 Kg4 65. Kf2 Bd5 66.
Nd2 Kf5 67. Nb1 Ke5 68. Nc3 Bc6 69. Ne2 f3 70. Nc3 Kf4 71. Nd1 Bd5 72. Ne3 Bb3
73. Nf1 Bc4 74. Ne3 Bd3 75. Nd5+ Ke4 76. Ne3 Kf4 77. Nd5+ 1/2-1/2